000 00371nam a2200145Ia 4500
008 231217s9999 xx 000 0 und d
041 _aEnglish
082 _a001.64404 ZUR;6
100 _aZurada, Jacek M
245 0 _aIntroduction to artificial neural systems
260 _c2001
_bJaico
300 _axxiv+683
650 _aArtificial Neural systems
942 _cAA
999 _c168083
_d168083